Normal view
MARC view
Entry Topical Term
001 - CONTROL NUMBER
- control field: 17434
003 - CONTROL NUMBER IDENTIFIER
- control field: BD-RjUL
005 - DATE AND TIME OF LATEST TRANSACTION
- control field: 20251202115455.0
008 - FIXED-LENGTH DATA ELEMENTS
- fixed length control field: 251202|| aca||aabn | a|a d
040 ## - CATALOGING SOURCE
- Original cataloging agency: BD-RjUL
- Transcribing agency: BD-RjUL
150 ## - HEADING--TOPICAL TERM
- Topical term or geographic name entry element: Punic War, 2nd, 218-201 B.C.
- Form subdivision: Poetry
670 ## - SOURCE DATA FOUND
- Source citation: Work cat.: (BD-RjUL)86016: Silius Italicus, Tiberius Catius. 17433, Punica /, 1934, [reprinted 1950]